Представление документа в формате MARC21

ПолеНазваниеЗначение
  Тип записи a
  Библиографический уровень m
001 Контрольный номер RU\infra-m\znanium\bibl\2223164
005 Дата корректировки 20260429142323.7
008 Кодируемые данные 251210s2025 RU g rus u
020 Индекс ISBN __
a ISBN 978-5-16-021374-3
020 Индекс ISBN __
a ISBN 978-5-16-111153-6 (электр. издание)
040 Источник каталогиз. __
a Служба первич. каталог. Общество с ограниченной ответственностью «ЗНАНИУМ»
041 Код языка издания __
a Код языка текста rus
044 Код страны публикации __
a Код страны публикации RU
080 Индекс УДК __
a Индекс УДК 744(075.32)
084 Индекс другой классификации/Индекс ББК __
2 Источник индекса rubbk
a Индекс другой классификации/Индекс ББК 30.11я723
084 Индекс другой классификации/Индекс ББК __
2 Источник индекса okso
a Индекс другой классификации/Индекс ББК 00.02.31
084 Индекс другой классификации/Индекс ББК __
2 Источник индекса okso
a Индекс другой классификации/Индекс ББК 08.02.01
084 Индекс другой классификации/Индекс ББК __
2 Источник индекса okso
a Индекс другой классификации/Индекс ББК 15.01.22
084 Индекс другой классификации/Индекс ББК __
2 Источник индекса okso
a Индекс другой классификации/Индекс ББК 15.02.04
084 Индекс другой классификации/Индекс ББК __
2 Источник индекса okso
a Индекс другой классификации/Индекс ББК 15.02.06
084 Индекс другой классификации/Индекс ББК __
2 Источник индекса okso
a Индекс другой классификации/Индекс ББК 15.02.09
084 Индекс другой классификации/Индекс ББК __
2 Источник индекса okso
a Индекс другой классификации/Индекс ББК 15.02.16
084 Индекс другой классификации/Индекс ББК __
2 Источник индекса okso
a Индекс другой классификации/Индекс ББК 23.02.02
084 Индекс другой классификации/Индекс ББК __
2 Источник индекса okso
a Индекс другой классификации/Индекс ББК 24.02.01
084 Индекс другой классификации/Индекс ББК __
2 Источник индекса okso
a Индекс другой классификации/Индекс ББК 24.02.02
100 Автор __
a Автор Исаев И.А.
q Полное имя Исаев Игорь Андреевич
u Дополнение Московский государственный юридический университет им. О.Е. Кутафина
245 Заглавие __
a Заглавие Инженерная графика. Часть 1
b Продолж. заглавия Учебное пособие
c Ответственность Московский государственный юридический университет им. О.Е. Кутафина
250 Сведения об издании __
a Основные сведения об издании 3
260 Выходные данные __
a Место издания Москва
b Издательство ООО "Научно-издательский центр ИНФРА-М"
c Дата издания 2026
300 Физическое описание __
a Объем 83 с.
440 Серия __
a Серия Среднее профессиональное образование
520 Аннотация __
a Аннотация Рабочая тетрадь составлена в соответствии с государственным образовательным стандартом к учебнику С.К. Боголюбова «Инженерная графика». Тетрадь содержит задания по общим вопросам инженерной графики и начертательной геометрии изучаемым в техникумах и колледжах в III и IV семестрах. Задания по черчению и начертательной геометрии выполняются студентами прямо в рабочей тетради. Предназначено для студентов образовательных учреждений среднего профессионального образования школьников старших классов студентов 1-го курса вузов и студентов-заочников.
521 Примеч. о цел. назн. __
a Примеч. о целев. назн. Среднее профессиональное образование
650 Тематические рубрики __
a Основная рубрика Общетехнические дисциплины
x Основная подрубрика Инженерная графика. Техническое рисование
655 Указ. предметных рубрик (устаревшее) __
a Жанр/ форма (устаревшее) Учебное пособие
856 Электронный адрес документа 4_
a Имя сервера/домена znanium.ru
m Помощь ebs_support@infra-m.ru
n Местонахождение сервера НИЦ ИНФРА-М
u URL https://znanium.ru/catalog/document?id=474458
856 Электронный адрес документа 48
a Имя сервера/домена znanium.ru
d Путь /cover/2223
f Электронное имя 2223164.jpg
q Тип электронного формата image/jpeg
u URL https://znanium.ru/cover/2223/2223164.jpg
911 __
u 0030=https://znanium.ru/catalog/document?id=474458